[Event "Reykjavik Open 2009"]
[Site "Reykjavik"]
[Date "2009.03.30"]
[Round "7.11"]
[White "Lund, Esben"]
[Black "Danielsen, Henrik"]
[Result "1-0"]
[WhiteElo "2421"]
[BlackElo "2482"]
[PlyCount "87"]
[EventDate "2009.03.24"]

1. d4 d6 2. Nf3 g6 3. c4 f5 4. Nc3 Nf6 5. Bg5 Bg7 6. e3 O-O 7. Qc2 c6 8. Rd1
Na6 9. c5 Be6 10. cxd6 Nb4 11. Qa4 a5 12. dxe7 Qxe7 13. Rd2 b5 14. Qd1 Nxa2 15.
Nxa2 Bxa2 16. Be2 Qb4 17. Bxf6 Bxf6 18. O-O Rfd8 19. Ne1 a4 20. Nd3 Qe7 21. Qc2
Rac8 22. Rc1 Bc4 23. Nc5 Bf7 24. Bf3 f4 25. Ne4 Bg7 26. exf4 Bxd4 27. Ng5 Bb3
28. Qb1 c5 29. h4 Qg7 30. Bg4 Rc6 31. Re1 Qf6 32. g3 Bc4 33. Qe4 Bd5 34. Qe2 b4
35. Bf3 Bxf3 36. Nxf3 Rcd6 37. Qc4+ Qf7 38. Qb5 a3 39. Ng5 Qd7 40. Qc4+ Rd5 41.
bxa3 bxa3 42. Rde2 Bf6 43. Ne4 Bd4 44. Nc3 1-0

[Event "Reykjavik Open 2009"]
[Site "Reykjavik"]
[Date "2009.03.30"]
[Round "7.14"]
[White "Siebrecht, Sebastian"]
[Black "Zak, Uri"]
[Result "1-0"]
[WhiteElo "2440"]
[BlackElo "2198"]
[PlyCount "57"]
[EventDate "2009.03.24"]

1. Nf3 Nf6 2. c4 g6 3. Nc3 d5 4. cxd5 Nxd5 5. h4 h6 6. e4 Nxc3 7. bxc3 Bg7 8.
d4 c5 9. Rb1 Nc6 10. d5 Ne5 11. Bb5+ Bd7 12. Nxe5 Bxe5 13. Qd3 a6 14. Bxd7+
Qxd7 15. f4 c4 16. Qh3 Bg7 17. Qxd7+ Kxd7 18. Rxb7+ Kc8 19. Rxe7 Bxc3+ 20. Bd2
Bd4 21. Ke2 Kd8 22. Rxf7 Rc8 23. Rb1 c3 24. Bc1 Re8 25. Kd3 Bc5 26. Rbb7 Re7
27. Rf8+ Re8 28. Rxe8+ Kxe8 29. e5 1-0

[Event "Reykjavik Open 2009"]
[Site "Reykjavik"]
[Date "2009.03.30"]
[Round "7.15"]
[White "Rombaldoni, Axel"]
[Black "Galego, Luis"]
[Result "1/2-1/2"]
[WhiteElo "2309"]
[BlackElo "2494"]
[PlyCount "111"]
[EventDate "2009.03.24"]

1. e4 c5 2. Nf3 e6 3. d4 cxd4 4. Nxd4 a6 5. Bd3 Nf6 6. O-O Qc7 7. Qe2 Nc6 8.
Nxc6 dxc6 9. f4 e5 10. f5 Bc5+ 11. Kh1 h5 12. g3 b5 13. c4 Bb7 14. Bg5 Bd4 15.
a3 bxc4 16. Bxc4 c5 17. Bxf6 gxf6 18. Nc3 h4 19. g4 h3 20. Nd5 Qd6 21. Rab1 a5
22. Rf3 Bxd5 23. Bxd5 Ra7 24. Qd3 Qa6 25. Qb3 Kf8 26. g5 Qd6 27. g6 fxg6 28.
fxg6 a4 29. Qd3 Qa6 30. Bc4 Qc6 31. Re1 Kg7 32. Rxh3 Qc8 33. Rh7+ Rxh7 34. gxh7
Qg4 35. Bg8 Kh8 36. Qg3 Qxg3 37. hxg3 Bxb2 38. Rf1 Bxa3 39. Rxf6 Bb2 40. Rf8 a3
41. Kg2 Ra5 42. g4 Bc1 43. Kh3 c4 44. Bxc4+ Kxh7 45. Ba2 Rc5 46. Ra8 Kh6 47.
Be6 Kg5 48. Rg8+ Kf6 49. Bd5 Rc2 50. Rf8+ Ke7 51. Rf7+ Kd6 52. Rf6+ Ke7 53. Ra6
Bf4 54. g5 Rh2+ 55. Kg4 Rg2+ 56. Kh3 1/2-1/2

[Event "Reykjavik Open 2009"]
[Site "Reykjavik"]
[Date "2009.03.30"]
[Round "7.17"]
[White "Vernay, Clovis"]
[Black "Harika, Dronavalli"]
[Result "0-1"]
[WhiteElo "2339"]
[BlackElo "2473"]
[PlyCount "60"]
[EventDate "2009.03.24"]

1. d4 Nf6 2. c4 g6 3. Nc3 Bg7 4. e4 O-O 5. Nf3 d6 6. Be2 Bg4 7. Qb3 Bxf3 8.
Bxf3 Nc6 9. Be3 e5 10. dxe5 Nxe5 11. Be2 Nfg4 12. Bf4 f5 13. O-O g5 14. Bxe5
Bxe5 15. h3 Nh6 16. exf5 g4 17. Qxb7 gxh3 18. g3 Nxf5 19. Kh2 Rb8 20. Qd5+ Kh8
21. Rab1 Qg5 22. Ne4 Qg7 23. Qd1 Nd4 24. Bh5 Rf4 25. Qd3 Rh4 26. Bf3 Nxf3+ 27.
Qxf3 Rf8 28. Qd3 Rxe4 29. Kxh3 Qg4+ 30. Kg2 Qe2 0-1

[Event "Reykjavik Open 2009"]
[Site "Reykjavik"]
[Date "2009.03.30"]
[Round "7.18"]
[White "Gunnarsson, Jon Viktor"]
[Black "Kjartansson, Gudmundur"]
[Result "1-0"]
[WhiteElo "2463"]
[BlackElo "2365"]
[PlyCount "89"]
[EventDate "2009.03.24"]

1. e4 e5 2. Nf3 Nc6 3. Bc4 Bc5 4. O-O Nf6 5. d4 Bxd4 6. Nxd4 Nxd4 7. f4 Qe7 8.
fxe5 Qxe5 9. Bf4 Qc5 10. Bxf7+ Kxf7 11. Be3 d6 12. Bxd4 Qg5 13. Nc3 Be6 14. Qd3
Rhf8 15. Bxf6 gxf6 16. e5 Kg7 17. exd6 Qc5+ 18. Rf2 Qxd6 19. Qxd6 cxd6 20. Nb5
Rad8 21. Rd2 Rd7 22. Re1 Bf7 23. Rxd6 Rxd6 24. Nxd6 Rd8 25. Rd1 Kf8 26. b3 Be6
27. Rd3 b6 28. Kf2 Ke7 29. Nb5 Rxd3 30. cxd3 a5 31. Nd4 Bd5 32. g3 Kd6 33. Ke3
Kc5 34. Nc2 Bf7 35. d4+ Kb5 36. Kd3 Kc6 37. Ne3 b5 38. Ng4 b4 39. Nxf6 a4 40.
d5+ Kc5 41. bxa4 Bg6+ 42. Kd2 Bf5 43. g4 Bc8 44. g5 Ba6 45. Kc2 1-0

[Event "Reykjavik Open 2009"]
[Site "Reykjavik"]
[Date "2009.03.30"]
[Round "7.20"]
[White "Karlovich, Anastazia"]
[Black "Thorhallsson, Throstur"]
[Result "0-1"]
[WhiteElo "2251"]
[BlackElo "2442"]
[PlyCount "98"]
[EventDate "2009.03.24"]

1. e4 e6 2. d4 d5 3. Nc3 Nf6 4. Bg5 Be7 5. e5 Nfd7 6. h4 Bxg5 7. hxg5 Qxg5 8.
Qd3 Nf8 9. Nh3 Qh4 10. g3 Qe7 11. Nf4 Bd7 12. Nh5 Rg8 13. Bg2 Nc6 14. a3 O-O-O
15. f4 f6 16. exf6 gxf6 17. O-O-O Be8 18. Qe3 Bxh5 19. Rxh5 Qf7 20. Rh2 Ne7 21.
Ne2 Nf5 22. Qf3 Qg6 23. Rd3 Nd6 24. Rh4 f5 25. Bh3 Qf6 26. Rh5 Ne4 27. g4 fxg4
28. Bxg4 Rd7 29. Re5 Rxg4 30. Qxg4 Nf2 31. Qf3 Nxd3+ 32. cxd3 Rf7 33. Qh3 c6
34. f5 Qg5+ 35. Kc2 Rxf5 36. Re3 Qf6 37. Qg3 Rg5 38. Qd6 Rg2 39. Kb3 Rg7 40.
Ng3 Rd7 41. Qc5 Qf4 42. Re1 Ng6 43. Nf1 Qf2 44. Rc1 Nf4 45. Qxa7 Nxd3 46. Qa8+
Kc7 47. Qa5+ Kb8 48. Rb1 Qxd4 49. Kc2 Nc5 0-1

[Event "Reykjavik Open 2009"]
[Site "Reykjavik"]
[Date "2009.03.30"]
[Round "7.21"]
[White "Perunovic, Miodrag"]
[Black "Hug, Marcel"]
[Result "1-0"]
[WhiteElo "2439"]
[BlackElo "2257"]
[PlyCount "105"]
[EventDate "2009.03.24"]

1. d4 d6 2. Nf3 Nd7 3. c4 e5 4. Nc3 Ngf6 5. e4 Be7 6. Be2 c6 7. O-O O-O 8. Qc2
exd4 9. Nxd4 Re8 10. Be3 Bf8 11. Rad1 Nc5 12. Nxc6 Qc7 13. Nxa7 Rxa7 14. Nb5
Qa5 15. Nxa7 Qxa7 16. b4 Qa4 17. Qxa4 Nxa4 18. f3 Nc3 19. Rd2 d5 20. cxd5 Nfxd5
21. Bc5 Nxb4 22. Bxf8 Nxe2+ 23. Rxe2 Kxf8 24. Rb2 Nc6 25. Rc1 Re5 26. a4 Ke7
27. Rb5 Re6 28. Kf2 Kd7 29. h4 Kc7 30. g4 Re8 31. h5 Bd7 32. h6 g6 33. Kg3 Ra8
34. Kf4 f6 35. g5 f5 36. Re5 Kd8 37. Rd5 Rxa4 38. Rcd1 Nb8 39. Rd6 fxe4 40.
fxe4 Ke7 41. Rxg6 Bc6 42. Rg7+ Ke6 43. Re1 Nd7 44. g6 Ra8 45. gxh7 Rh8 46. e5
Nf8 47. Rd1 Bd5 48. Rg8 Rxh7 49. Rxf8 Rxh6 50. Kg5 Rh2 51. Rf6+ Kxe5 52. Rf5+
Ke6 53. Rfxd5 1-0

[Event "Reykjavik Open 2009"]
[Site "Reykjavik"]
[Date "2009.03.30"]
[Round "7.23"]
[White "Rombaldoni, Denis"]
[Black "Ptacnikova, Lenka"]
[Result "1-0"]
[WhiteElo "2418"]
[BlackElo "2249"]
[PlyCount "77"]
[EventDate "2009.03.24"]

1. b3 e5 2. Bb2 Nc6 3. e3 Nf6 4. c4 Be7 5. d3 d5 6. cxd5 Nxd5 7. Nf3 Bb4+ 8.
Nbd2 Bc3 9. Bxc3 Nxc3 10. Qc2 Nd5 11. a3 O-O 12. Be2 Be6 13. b4 f6 14. O-O a5
15. b5 Na7 16. d4 exd4 17. Nxd4 Bf7 18. Bd3 g6 19. N2b3 b6 20. Rfd1 Qe7 21. Ne2
f5 22. Nbd4 Rfe8 23. Bc4 Rad8 24. Qb3 Nf6 25. Rac1 Rd7 26. Nf4 Nc8 27. Nc6
Rxd1+ 28. Rxd1 Qf8 29. Ne6 Rxe6 30. Bxe6 Nd6 31. Ne5 Bxe6 32. Qxe6+ Kg7 33. Rc1
Nde8 34. a4 Qa3 35. Rf1 Qxa4 36. Qf7+ Kh6 37. Qf8+ Kh5 38. Nf7 Ng4 39. h3 1-0

[Event "Reykjavik Open 2009"]
[Site "Reykjavik"]
[Date "2009.03.30"]
[Round "7.24"]
[White "Cori T, Deysi"]
[Black "Gislason, Gudmundur"]
[Result "1-0"]
[WhiteElo "2256"]
[BlackElo "2351"]
[PlyCount "75"]
[EventDate "2009.03.24"]

1. d4 Nf6 2. Nf3 g6 3. c4 c5 4. d5 Bg7 5. Nc3 O-O 6. e4 d6 7. Be2 e5 8. dxe6
fxe6 9. O-O Nc6 10. Bg5 Qb6 11. Rb1 Nd4 12. e5 dxe5 13. Nxe5 Nd7 14. Nd3 Qc6
15. Nb5 Nxb5 16. cxb5 Qd5 17. Be3 c4 18. Nf4 Qe5 19. Bxc4 Nb6 20. Nd3 Qe4 21.
Bb3 Nd5 22. Re1 Qf5 23. Bc5 Rd8 24. Qe2 b6 25. Ba3 Bd7 26. Rbd1 Kh8 27. Ne5 Be8
28. Nc6 Nf4 29. Qf3 Rxd1 30. Rxd1 Qxb5 31. Ne7 Ne2+ 32. Kh1 Rb8 33. h3 e5 34.
Bd6 Rd8 35. a4 Qa6 36. Bxe5 Rxd1+ 37. Bxd1 Nf4 38. Qxf4 1-0

[Event "Reykjavik Open 2009"]
[Site "Reykjavik"]
[Date "2009.03.30"]
[Round "7.25"]
[White "Sofrigin, Alexej"]
[Black "Kristjansson, Stefan"]
[Result "1/2-1/2"]
[WhiteElo "2252"]
[BlackElo "2472"]
[PlyCount "60"]
[EventDate "2009.03.24"]

1. Nf3 Nf6 2. g3 d5 3. Bg2 g6 4. d4 Bg7 5. O-O O-O 6. Nbd2 c6 7. Re1 Bf5 8. c3
Nbd7 9. Qb3 b5 10. Nh4 Be6 11. a4 bxa4 12. Qxa4 c5 13. b3 Nb6 14. Qa5 cxd4 15.
cxd4 Nfd7 16. e3 Nb8 17. Ba3 Nc6 18. Qa6 Bc8 19. Qb5 Bd7 20. Qa6 Bc8 21. Qb5
Bd7 22. Qa6 Re8 23. f4 Bc8 24. Qb5 Bd7 25. Qa6 e6 26. Nhf3 Bc8 27. Qb5 Bd7 28.
Qa6 Bc8 29. Qb5 Bd7 30. Qa6 Bc8 1/2-1/2

[Event "Reykjavik Open 2009"]
[Site "Reykjavik"]
[Date "2009.03.30"]
[Round "7.26"]
[White "Arngrimsson, Dagur"]
[Black "Thorsson, Olafur"]
[Result "1/2-1/2"]
[WhiteElo "2404"]
[BlackElo "2199"]
[PlyCount "95"]
[EventDate "2009.03.24"]

1. e4 d5 2. exd5 Nf6 3. d4 Nxd5 4. c4 Nb6 5. c5 N6d7 6. Be3 e5 7. dxe5 Nc6 8.
e6 fxe6 9. Bb5 Nxc5 10. Qe2 Ne4 11. Nd2 Bb4 12. O-O-O Bxd2+ 13. Bxd2 Nxd2 14.
Rxd2 Qe7 15. Bxc6+ bxc6 16. Qh5+ g6 17. Qf3 Bd7 18. Ne2 Rf8 19. Qe3 Rf5 20. Nc3
Qb4 21. Rhd1 Rb8 22. Ne4 Rd5 23. Nf6+ Kd8 24. Nxd7 Kxd7 25. Qh3 Qc4+ 26. Kb1
Qe4+ 27. Ka1 Rbb5 28. Qc3 Rxd2 29. Rxd2+ Rd5 30. Rxd5+ cxd5 31. f3 Qe2 32. a3
Qf1+ 33. Ka2 Kd6 34. Qb4+ Kc6 35. Qa4+ Kb6 36. Qd4+ c5 37. Qe5 Qc4+ 38. Ka1
Qc1+ 39. Ka2 Qc4+ 40. Ka1 d4 41. Qb8+ Ka6 42. Qc8+ Kb6 43. Qb8+ Ka6 44. Qc8+
Kb6 45. Qb8+ Kc6 46. Qc8+ Kb6 47. Qd8+ Kc6 48. Qc8+ 1/2-1/2

[Event "Reykjavik Open 2009"]
[Site "Reykjavik"]
[Date "2009.03.30"]
[Round "7.27"]
[White "Thorfinnsson, Bragi"]
[Black "Asgeirsson, Heimir"]
[Result "1-0"]
[WhiteElo "2383"]
[BlackElo "2171"]
[PlyCount "123"]
[EventDate "2009.03.24"]

1. e4 c5 2. Nf3 Nc6 3. Bb5 g6 4. O-O Bg7 5. Re1 e5 6. Bxc6 dxc6 7. d3 Qe7 8. a3
a5 9. h3 Nf6 10. Be3 O-O 11. Nbd2 Nd7 12. Nc4 Rd8 13. a4 b6 14. Ra3 Rb8 15. Rb3
Ba6 16. Nfd2 Rb7 17. Qg4 Rdb8 18. Qg3 f6 19. f4 exf4 20. Bxf4 Ne5 21. Rf1 Bxc4
22. Nxc4 Nxc4 23. Bxb8 Nd2 24. Bd6 Qe6 25. Ra3 Nxf1 26. Kxf1 f5 27. e5 f4 28.
Qg4 Qxg4 29. hxg4 Kf7 30. Rb3 b5 31. Bxc5 Bxe5 32. d4 Bf6 33. d5 cxd5 34. axb5
Ke6 35. Ba3 d4 36. Ke2 Kd5 37. Kd3 Be7 38. c4+ dxc3 39. bxc3 Bc5 40. c4+ Kd6
41. Ke4 Bxa3 42. Rxa3 Kc5 43. Rxa5 Kxc4 44. Kxf4 Kb4 45. Ra2 Rf7+ 46. Kg5 Kxb5
47. Rc2 Kb6 48. Rc3 Rf2 49. Rg3 Kc6 50. Kh6 Rf7 51. Rf3 Re7 52. g5 Kd5 53. Rf1
Ra7 54. Re1 Kd6 55. Re8 Kd5 56. g4 Rb7 57. Rh8 Ke5 58. Rxh7 Rb6 59. Rf7 Rc6 60.
Kg7 Rc4 61. Kxg6 Rxg4 62. Rf1 1-0

[Event "Reykjavik Open 2009"]
[Site "Reykjavik"]
[Date "2009.03.30"]
[Round "7.28"]
[White "Andersen, Mads"]
[Black "Lagerman, Robert"]
[Result "1-0"]
[WhiteElo "2190"]
[BlackElo "2368"]
[PlyCount "81"]
[EventDate "2009.03.24"]

1. e4 e5 2. Nf3 Nc6 3. Bb5 a6 4. Ba4 Nf6 5. O-O Nxe4 6. d4 b5 7. Bb3 d5 8. dxe5
Be6 9. c3 Bc5 10. Nbd2 O-O 11. Bc2 Nxf2 12. Rxf2 f6 13. exf6 Bxf2+ 14. Kxf2
Qxf6 15. Nb3 Ne5 16. Kg1 Rae8 17. Be3 Nxf3+ 18. Qxf3 Qxf3 19. gxf3 Rxf3 20. Bf2
Bh3 21. Nd4 Rf7 22. Bb3 Re5 23. Bg3 Rg5 24. Kh1 c5 25. Ne2 Bg4 26. Ng1 Bd7 27.
Bd1 Rf1 28. Kg2 Rgf5 29. Nh3 Bc6 30. Bf2 R5xf2+ 31. Nxf2 Re1 32. Nd3 d4+ 33.
Kf2 Rh1 34. Nxc5 Rxh2+ 35. Kg3 Rg2+ 36. Kh3 dxc3 37. Bb3+ Kf8 38. bxc3 g5 39.
Re1 g4+ 40. Kh4 Bf3 41. Ne6+ 1-0

[Event "Reykjavik Open 2009"]
[Site "Reykjavik"]
[Date "2009.03.30"]
[Round "7.29"]
[White "Ostling, Hakan"]
[Black "Johannesson, Ingvar Thor"]
[Result "1/2-1/2"]
[WhiteElo "2151"]
[BlackElo "2345"]
[PlyCount "116"]
[EventDate "2009.03.24"]

1. f4 g6 2. Nf3 Bg7 3. d3 c5 4. c3 d5 5. Qc2 d4 6. e4 dxe3 7. Bxe3 Nd7 8. g3
Nh6 9. Bg2 O-O 10. Na3 Nf5 11. Bf2 Qc7 12. O-O Nd6 13. Rfe1 Nb6 14. Nd2 Bf5 15.
c4 a6 16. Rab1 Rad8 17. Ne4 Nd7 18. Qe2 Rfe8 19. g4 Bxe4 20. dxe4 e5 21. f5 f6
22. Qd2 Nf7 23. Be3 Nb8 24. Qf2 Rc8 25. Nc2 Nc6 26. Bxc5 Nb8 27. Bb6 Qxc4 28.
Ne3 Qxa2 29. Nd5 Nd7 30. fxg6 hxg6 31. Be3 Re6 32. g5 fxg5 33. Bh3 Rce8 34. Rf1
Rf6 35. Nxf6+ Nxf6 36. Qc2 g4 37. Bg2 Nh5 38. Qc7 Qb3 39. Kh1 Bf6 40. Qd7 Re6
41. Rbc1 Rd6 42. Qxg4 Qxe3 43. Qxg6+ Ng7 44. Rc8+ Nd8 45. Rxf6 Qe1+ 46. Bf1
Rxf6 47. Rxd8+ Rf8 48. Rxf8+ Kxf8 49. Qf6+ Kg8 50. Qf3 Ne6 51. Qf5 Ng7 52. Qc8+
Kh7 53. Qh3+ Kg6 54. Qg4+ Kh6 55. Qh3+ Kg5 56. Qf3 Nh5 57. Qf5+ Kh6 58. Qe6+
Kh7 1/2-1/2

[Event "Reykjavik Open 2009"]
[Site "Reykjavik"]
[Date "2009.03.30"]
[Round "7.30"]
[White "Berg, Runar"]
[Black "Lucaroni, Massimiliano"]
[Result "0-1"]
[WhiteElo "2130"]
[BlackElo "2310"]
[PlyCount "118"]
[EventDate "2009.03.24"]

1. e4 e5 2. Nf3 Nc6 3. Nc3 Nf6 4. Bb5 Bb4 5. O-O O-O 6. Bxc6 dxc6 7. Nxe5 Re8
8. Nd3 Bxc3 9. dxc3 Nxe4 10. Bf4 Be6 11. Qh5 Nd6 12. Rfe1 Qf6 13. Qg5 Qxg5 14.
Bxg5 b6 15. a4 a5 16. Bf4 f6 17. f3 Kf7 18. b3 Re7 19. Re2 Rae8 20. Rae1 g5 21.
Bd2 Bf5 22. Rxe7+ Rxe7 23. Rxe7+ Kxe7 24. Kf2 b5 25. Ke2 bxa4 26. bxa4 Nc4 27.
Kd1 Kd6 28. Kc1 c5 29. Nb2 Nxd2 30. Kxd2 Kd5 31. c4+ Ke5 32. c3 Bd7 33. Ke3 Bc6
34. g3 h5 35. Nd3+ Kd6 36. Nb2 Be8 37. f4 Bg6 38. fxg5 fxg5 39. Kf3 Bc2 40. Kf2
Ke5 41. Ke3 h4 42. Kd2 Bb1 43. gxh4 gxh4 44. Ke3 Kf5 45. Kf3 Bc2 46. Ke3 Kg4
47. Kf2 Kh3 48. Kg1 Bf5 49. Nd1 Kg4 50. Ne3+ Kg5 51. Nxf5 Kxf5 52. Kf2 Kg4 53.
Kg2 h3+ 54. Kf2 Kf4 55. Ke2 Ke4 56. Kd2 Kf3 57. Kd3 Kg2 58. Ke2 Kxh2 59. Kf2 c6
0-1

[Event "Reykjavik Open 2009"]
[Site "Reykjavik"]
[Date "2009.03.30"]
[Round "7.31"]
[White "Thorsteinsson, Thorsteinn"]
[Black "Filosof, Asi"]
[Result "1/2-1/2"]
[WhiteElo "2288"]
[BlackElo "1986"]
[PlyCount "116"]
[EventDate "2009.03.24"]

1. c4 Nf6 2. Nc3 g6 3. g3 Bg7 4. Bg2 O-O 5. d3 d6 6. e3 e5 7. Nge2 Nbd7 8. O-O
a5 9. b3 Re8 10. Bb2 Nc5 11. e4 Be6 12. d4 exd4 13. Nxd4 Bd7 14. f3 c6 15. Kh1
Qb6 16. Rb1 Rad8 17. Qd2 Bc8 18. Rfe1 h5 19. h3 Ne6 20. Nxe6 Bxe6 21. Na4 Qc7
22. Qf4 Nd7 23. Bxg7 Kxg7 24. Red1 Ne5 25. Qe3 f6 26. f4 Nf7 27. Qd4 Bc8 28.
Rbc1 Rf8 29. Kh2 Rfe8 30. Bf3 h4 31. Qb6 hxg3+ 32. Kxg3 Qxb6 33. Nxb6 g5 34.
Nxc8 Rxc8 35. Bh5 Rcd8 36. Bxf7 Kxf7 37. Rd4 Rh8 38. Rcd1 gxf4+ 39. Kxf4 Rxh3
40. Rxd6 Rxd6 41. Rxd6 Ke7 42. Rd2 a4 43. bxa4 Rh4+ 44. Kf5 Rh5+ 45. Kf4 Rh4+
46. Kf5 Rh5+ 47. Kg4 Rc5 48. Rb2 Rxc4 49. Kf5 Rc5+ 50. Kf4 Ke6 51. Rxb7 Rc4 52.
Rb8 f5 53. Re8+ Kd7 54. Re5 Rxe4+ 55. Rxe4 fxe4 56. Kxe4 Kc7 57. Kd4 Kb6 58.
Kc4 Ka5 1/2-1/2

[Event "Reykjavik Open 2009"]
[Site "Reykjavik"]
[Date "2009.03.30"]
[Round "7.32"]
[White "Tratatovici, Dan"]
[Black "Edvardsson, Kristjan"]
[Result "0-1"]
[WhiteElo "2122"]
[BlackElo "2253"]
[PlyCount "70"]
[EventDate "2009.03.24"]

1. e4 e5 2. Nf3 Nc6 3. Bb5 f5 4. d4 fxe4 5. Bxc6 dxc6 6. Nxe5 Nf6 7. Bg5 Be7 8.
c3 O-O 9. Nd2 Qe8 10. Qb3+ Kh8 11. O-O-O a5 12. Rde1 a4 13. Qc4 Bf5 14. f3 Bd6
15. Nxe4 Nxe4 16. fxe4 Be6 17. d5 Bg8 18. Nf3 Qg6 19. h4 cxd5 20. exd5 h6 21.
Qe4 Qxe4 22. Rxe4 Bxd5 23. Rd4 Bxf3 24. gxf3 hxg5 25. hxg5+ Kg8 26. g6 Rf6 27.
Rdh4 Bf4+ 28. Kc2 Bh6 29. Rd1 Rxg6 30. Rb4 b6 31. Rc4 Rg2+ 32. Kb1 a3 33. bxa3
Rxa3 34. f4 Raxa2 35. Rf1 c5 0-1

[Event "Reykjavik Open 2009"]
[Site "Reykjavik"]
[Date "2009.03.30"]
[Round "7.33"]
[White "Macak, Stefan"]
[Black "Arnalds, Stefan"]
[Result "1-0"]
[WhiteElo "2527"]
[BlackElo "1953"]
[PlyCount "135"]
[EventDate "2009.03.24"]

1. e4 c5 2. Nf3 e6 3. d4 cxd4 4. Nxd4 Nf6 5. Nc3 Nc6 6. Nxc6 bxc6 7. e5 Nd5 8.
Ne4 Qc7 9. f4 Qb6 10. c4 Bb4+ 11. Ke2 f5 12. Nf2 Nc7 13. Nd3 Ba6 14. Be3 Qb7
15. b3 d5 16. exd6 Bxd6 17. Nc5 Bxc5 18. Bxc5 Nd5 19. Kf3 Nf6 20. Qd6 Kf7 21.
Qe5 Ne4 22. Rd1 Nxc5 23. Qxc5 Rad8 24. Be2 Qb6 25. Qe5 c5 26. Kf2 Bb7 27. Rhe1
Be4 28. Bh5+ g6 29. Bf3 Bxf3 30. Kxf3 Rxd1 31. Rxd1 Rd8 32. Rxd8 Qxd8 33. Qxc5
Qd1+ 34. Kf2 Qd2+ 35. Kg3 g5 36. fxg5 Qxg5+ 37. Kf3 Qg4+ 38. Kf2 Qf4+ 39. Ke2
Qg4+ 40. Kd2 Qxg2+ 41. Kc3 Qxa2 42. Qc7+ Kg6 43. c5 Qa1+ 44. Kb4 Qd4+ 45. Kb5
f4 46. c6 Qd3+ 47. Ka4 f3 48. Qg3+ Kf7 49. c7 Qa6+ 50. Kb4 Qb6+ 51. Kc4 Qc6+
52. Kd4 Qd5+ 53. Ke3 Qxb3+ 54. Kf2 Qc2+ 55. Kxf3 Qd3+ 56. Kg2 Qc4 57. Qd6 Qe4+
58. Kf2 Qc2+ 59. Kg3 Qg6+ 60. Kf3 Qh5+ 61. Ke3 Qh3+ 62. Kd4 Qg4+ 63. Kc5 Qf5+
64. Kc6 Qc2+ 65. Kd7 Qa4+ 66. Qc6 Qd4+ 67. Kc8 Qh8+ 68. Kb7 1-0

[Event "Reykjavik Open 2009"]
[Site "Reykjavik"]
[Date "2009.03.30"]
[Round "7.36"]
[White "Bergsson, Stefan"]
[Black "Naslund, Mikael"]
[Result "0-1"]
[WhiteElo "2079"]
[BlackElo "2195"]
[PlyCount "92"]
[EventDate "2009.03.24"]

1. e4 c5 2. Nf3 e6 3. d4 cxd4 4. Nxd4 a6 5. Bd3 Bc5 6. Nb3 Be7 7. Qg4 g6 8. Nc3
d6 9. f4 Nf6 10. Qe2 Nc6 11. O-O Qc7 12. Bd2 Bd7 13. Rad1 O-O-O 14. a4 h5 15.
a5 Be8 16. Na4 Nd7 17. Ra1 Kb8 18. Nb6 Nc5 19. Nxc5 dxc5 20. Bc3 Nd4 21. Qe1
Rg8 22. b4 cxb4 23. Bxb4 Bb5 24. Bxe7 Qxe7 25. Bxb5 Nxb5 26. c4 Nd4 27. Rb1 Qc5
28. Kh1 Nc6 29. Ra1 Rd3 30. Rf3 Rgd8 31. Rf1 Qd4 32. e5 Rd2 33. Qh4 Qxa1 34.
Qxd8+ Rxd8 35. Rxa1 Nxa5 36. Kg1 Nb3 37. Rb1 Nc5 38. Kf2 Kc7 39. Kg3 Rd3+ 40.
Kh4 Rb3 41. Na8+ Kb8 42. Rxb3 Nxb3 43. Nb6 Nc5 44. Kg5 Kc7 45. Na8+ Kc6 46. Kf6
a5 0-1

[Event "Reykjavik Open 2009"]
[Site "Reykjavik"]
[Date "2009.03.30"]
[Round "7.37"]
[White "Vigfusson, Vigfus"]
[Black "Olafsson, Thorvardur"]
[Result "0-1"]
[WhiteElo "2027"]
[BlackElo "2182"]
[PlyCount "52"]
[EventDate "2009.03.24"]

1. c4 Nf6 2. Nc3 g6 3. g3 Bg7 4. Bg2 O-O 5. e4 d6 6. Nge2 e5 7. O-O Nc6 8. d3
Nh5 9. Rb1 a5 10. a3 f5 11. b4 axb4 12. axb4 f4 13. f3 fxg3 14. hxg3 Rf7 15. b5
Nd4 16. Nxd4 exd4 17. Ne2 Be5 18. f4 Bg4 19. Bf3 Qd7 20. Bxg4 Qxg4 21. fxe5
Nxg3 22. Nxg3 Qxg3+ 23. Kh1 Qh3+ 24. Kg1 Qg3+ 25. Kh1 Rxf1+ 26. Qxf1 Rf8 0-1

[Event "Reykjavik Open 2009"]
[Site "Reykjavik"]
[Date "2009.03.30"]
[Round "7.42"]
[White "Moskow, Eric"]
[Black "Thorsteinsdottir, Hallgerdur"]
[Result "1-0"]
[WhiteElo "2225"]
[BlackElo "1951"]
[PlyCount "171"]
[EventDate "2009.03.24"]

1. b3 Nf6 2. Bb2 g6 3. Bxf6 exf6 4. c4 Bg7 5. Nc3 O-O 6. g3 c6 7. Bg2 Na6 8.
Nh3 d5 9. cxd5 Bxh3 10. Bxh3 cxd5 11. d4 Qa5 12. Qd2 f5 13. O-O Rac8 14. Rfc1
Nc7 15. a3 Ne6 16. b4 Qd8 17. e3 Ng5 18. Bg2 Ne4 19. Bxe4 fxe4 20. Qa2 a5 21.
Nxd5 Rxc1+ 22. Rxc1 axb4 23. axb4 Qg5 24. Nf4 Bf6 25. Qd5 Qxd5 26. Nxd5 Kg7 27.
Rc7 Rb8 28. Nxf6 Kxf6 29. b5 h5 30. f3 exf3 31. Kf2 Ke6 32. Kxf3 b6 33. h4 Kd5
34. Rc6 Rb7 35. Kf4 Rb8 36. Kg5 Ke4 37. Kf6 Rb7 38. Rc3 Rd7 39. Rc6 Kxe3 40.
Ke5 Rxd4 41. Rc3+ Rd3 42. Rxd3+ Kxd3 43. Kd5 f6 44. Kc6 g5 45. Kxb6 f5 46. hxg5
f4 47. g6 f3 48. g7 f2 49. g8=Q f1=Q 50. Qg6+ Kc4 51. Qe4+ Kb3 52. Qe3+ Ka4 53.
Qd4+ Kb3 54. Qd5+ Ka4 55. Qa2+ Kb4 56. Qb2+ Ka4 57. Qc2+ Kb4 58. Qc5+ Ka4 59.
Qd4+ Kb3 60. Qe5 Ka4 61. Ka6 Qd3 62. Qf4+ Kb3 63. Qc7 Ka4 64. Qf4+ Kb3 65. Qf7+
Ka4 66. Qxh5 Qxg3 67. b6 Qd3+ 68. Ka7 Qd4 69. Qf5 Kb4 70. Qc2 Kb5 71. Qc7 Ka5
72. Qc6 Kb4 73. Kb8 Qd8+ 74. Kb7 Ka5 75. Qc5+ Ka4 76. Ka7 Qd7+ 77. b7 Kb3 78.
Qa5 Kc4 79. Ka8 Qc6 80. Ka7 Qd7 81. Qa2+ Kb5 82. Qb3+ Ka5 83. Qc4 Qg7 84. Qc6
Qd4+ 85. Ka8 Qd8+ 86. b8=Q 1-0

[Event "Reykjavik Open 2009"]
[Site "Reykjavik"]
[Date "2009.03.30"]
[Round "7.44"]
[White "Gudmundsson, Stefan Freyr"]
[Black "Benediktsson, Frimann"]
[Result "1/2-1/2"]
[WhiteElo "2092"]
[BlackElo "1939"]
[PlyCount "82"]
[EventDate "2009.03.24"]

1. e4 c6 2. d4 d5 3. Nc3 dxe4 4. Nxe4 Bf5 5. Ng3 Bg6 6. Nf3 Nd7 7. Bd3 Ngf6 8.
O-O e6 9. Re1 Be7 10. c3 O-O 11. Bxg6 hxg6 12. Ng5 Nd5 13. h4 Bf6 14. N3e4 Bxg5
15. Nxg5 N5f6 16. Bf4 Qa5 17. Bd6 Rfe8 18. Re3 Qd5 19. Be5 Rad8 20. Qc2 Ng4 21.
Re2 Ngxe5 22. dxe5 Nxe5 23. Rae1 Nc4 24. b3 Nb6 25. Re3 Rd7 26. c4 Qd4 27. Nf3
Qc5 28. Ne5 Rdd8 29. Rg3 Qe7 30. h5 gxh5 31. Qe2 Nd7 32. Qxh5 Nxe5 33. Rxe5 f5
34. Qh6 Qf7 35. Qh4 Rd6 36. Rg5 Qf6 37. Re3 Rd1+ 38. Kh2 Rd4 39. Qh5 Qf7 40.
Qh6 Rg4 41. Rxg4 fxg4 1/2-1/2

[Event "Reykjavik Open 2009"]
[Site "Reykjavik"]
[Date "2009.03.30"]
[Round "7.45"]
[White "Cross, Ted"]
[Black "Finnbogadottir, Tinna Kristin"]
[Result "0-1"]
[WhiteElo "2076"]
[BlackElo "1660"]
[PlyCount "112"]
[EventDate "2009.03.24"]

1. e4 c5 2. Nf3 g6 3. d4 cxd4 4. Nxd4 Nc6 5. Be3 Nf6 6. f3 Bg7 7. Nc3 O-O 8.
Qd2 d5 9. exd5 Nxd5 10. Nxd5 Qxd5 11. Nxc6 bxc6 12. c3 Rb8 13. b3 Qa5 14. b4
Qe5 15. Rc1 Bf5 16. Bc4 Bh6 17. Kf2 Rfd8 18. Qe2 Bxe3+ 19. Qxe3 Qxe3+ 20. Kxe3
Rd6 21. Rhd1 Rbd8 22. Bb3 Be6 23. Rxd6 exd6 24. Rd1 Re8 25. Bxe6 Rxe6+ 26. Kd3
Kf8 27. c4 Ke7 28. a4 Kd7 29. Rd2 Kc7 30. Re2 Kb6 31. a5+ Ka6 32. Rb2 f5 33.
Kd4 Re5 34. h4 f4 35. Rd2 c5+ 36. bxc5 Rxc5 37. Kc3 Kxa5 38. Rxd6 Rh5 39. Rd5+
Rxd5 40. cxd5 Kb6 41. Kd4 Kc7 42. Ke5 Kd7 43. Kxf4 a5 44. Ke4 a4 45. Kd4 Kd6
46. g3 a3 47. Kc3 Kxd5 48. h5 a2 49. Kb2 Kd4 50. Kxa2 Ke3 51. f4 Kf3 52. Kb3
Kxg3 53. hxg6 hxg6 54. f5 gxf5 55. Kc3 f4 56. Kd2 Kg2 0-1

[Event "Reykjavik Open 2009"]
[Site "Reykjavik"]
[Date "2009.03.30"]
[Round "7.46"]
[White "Einarsson, Einar Kristinn"]
[Black "Eiriksson, Vikingur Fjalar"]
[Result "1-0"]
[WhiteElo "2065"]
[BlackElo "1882"]
[PlyCount "99"]
[EventDate "2009.03.24"]

1. e4 e5 2. Nc3 Nc6 3. f4 exf4 4. Bc4 Qh4+ 5. Kf1 Bc5 6. Qe1 Qxe1+ 7. Kxe1 Nd4
8. Bb3 Nf6 9. d3 g5 10. h4 Rg8 11. Nf3 Nxf3+ 12. gxf3 g4 13. fxg4 Rxg4 14. Rf1
Nh5 15. Nd5 Bd6 16. d4 c6 17. Ne3 fxe3 18. Bxf7+ Kd8 19. Bxh5 Rxe4 20. Bf3 Re8
21. Ke2 b6 22. Kd3 Ba6+ 23. c4 b5 24. b3 bxc4+ 25. bxc4 Bg3 26. Bxe3 d5 27.
Bg5+ Kc7 28. Rg1 Bxc4+ 29. Kc2 Bd6 30. Bd2 Re7 31. Ba5+ Kb7 32. Rab1+ Ka6 33.
Bd2 Rf8 34. Bg4 Bb5 35. Kc3 Bc7 36. Kc2 Re4 37. Bd7 Rxd4 38. Rg2 Bd3+ 39. Kc3
Bxb1 40. Kxd4 Bb6+ 41. Ke5 Bc7+ 42. Ke6 Bxa2 43. Bh6 Rg8 44. Rxa2+ Kb7 45. h5
Rg1 46. Rc2 Kb8 47. Bxc6 Rh1 48. Rb2+ Bb6 49. Bf4+ Kc8 50. h6 1-0